Taylor Swift Songs by Acronyms #1 - Statistics

General Stats
  • This quiz has been taken 172 times
  • The average score is 8 of 12
Answer Stats
Acronym Song % Correct
YBWM You Belong With Me
92%
MBOBHFT My Boy Only Breaks His Favorite Toys
86%
CIWYW Call It What You Want
85%
DBATC Death By A Thousand Cuts
84%
TLGAD the last great american dynasty
82%
HYGTG How You Get The Girl
75%
COSOSOM Chloe or Sam or Sophia or Marcus
69%
TIWWCHNT This Is Why We Can't Have Nice Things
68%
WTNY Welcome To New York
58%
WEFIL When Emma Falls In Love
57%
INTHAF It's Nice To Have A Friend
45%
TTWAS Tied Together with a Smile
28%
No matching quizzes found
Score Distribution
Percent of People with Each Score
Percentile by Number Answered
Your Score History
You have not taken this quiz